<?xml version="1.0" encoding="UTF-8"?>
<collection xmlns="http://www.loc.gov/MARC21/slim">
  <record>
    <leader>00000nam  2200000   4500</leader>
    <controlfield tag="001">INLIS000000000012499</controlfield>
    <controlfield tag="005">20220512111752</controlfield>
    <datafield tag="035" ind1="#" ind2="#">
      <subfield code="a">0010-0522000070</subfield>
    </datafield>
    <controlfield tag="007">ta</controlfield>
    <controlfield tag="008">220512################g##########0#ind##</controlfield>
    <datafield tag="082" ind1="#" ind2="#">
      <subfield code="a">340.1</subfield>
    </datafield>
    <datafield tag="084" ind1="#" ind2="#">
      <subfield code="a">340. 1 Fit s</subfield>
    </datafield>
    <datafield tag="245" ind1="#" ind2="#">
      <subfield code="a">Salmond on Jurisprudence /</subfield>
      <subfield code="c">P.J Fitzgerald</subfield>
    </datafield>
    <datafield tag="260" ind1="#" ind2="#">
      <subfield code="a">London :</subfield>
      <subfield code="b">Sweet and Maxwell,</subfield>
      <subfield code="c">1966</subfield>
    </datafield>
    <datafield tag="300" ind1="#" ind2="#">
      <subfield code="a">xxiii, 481 hal. :</subfield>
      <subfield code="b">ilus. ;</subfield>
      <subfield code="c">22 cm</subfield>
    </datafield>
    <datafield tag="600" ind1="#" ind2="4">
      <subfield code="a">Hukum</subfield>
    </datafield>
    <datafield tag="856" ind1="#" ind2="#">
      <subfield code="a">Perpustakaan LAN</subfield>
    </datafield>
    <datafield tag="990" ind1="#" ind2="#">
      <subfield code="a">13214</subfield>
    </datafield>
  </record>
</collection>
